000 00568nam a2200181 i 4500
001 69768
003 ES-MaACL
005 20230906170618.0
007 t|
008 040709s1908 sp ||||1| spa d
100 1 _aGarcía Guijarro, Luis.
_954736
245 1 0 _aEscuela valenciana del siglo XVIII
_b: Agustín Sales apuntes bio-bibliográficos /
_cpor Luis García Guijarro.
260 _aMadrid :
_b[s.n.],
_c1908 (
_fFortanet)
300 _a72 p. ;
_c22 cm.
600 1 4 _aSales, Agustín.
_9101872
852 _aES-MaACL
_j1716-F-4
852 _aES-MaACL
_jT-1235-F-5
999 _c69768
_d69768